| 000 | 00567nam a2200169 a 4500 | ||
|---|---|---|---|
| 001 | 000037800 | ||
| 005 | 20201002031120.0 | ||
| 008 | 130306s1999 cl ac 000 0 spa d | ||
| 020 | _a9583006408 | ||
| 040 |
_aDO-SdBNP _bspa _cBNPHU |
||
| 100 | 1 |
_aPoe, Edgar Allan _d1809-1849 _99903 |
|
| 245 | 1 | 0 |
_aNarraciones extraordinarias / _cEdgar Allan Poe ;traducción Juliana Borrero. |
| 260 |
_aColombia : _bPanamericana, _c1999. |
||
| 300 |
_a312 p. : _bil., ; _c21 cm. |
||
| 500 | _aIncluye datos biográficos del autor en la solapa | ||
| 700 | 1 |
_aBorrero, Juliana _etr. _964251 |
|
| 999 |
_c37290 _d37290 |
||